| 000 | 01667cam a2200457 a 4500 | ||
|---|---|---|---|
| 001 | 20698 | ||
| 003 | VRT | ||
| 005 | 20260130104718.0 | ||
| 008 | 250414s1991 xo 000 f slo | ||
| 015 | _aSNBA1991/11 | ||
| 020 |
_a8022003026 _q(viaz.) |
||
| 035 | _aF5960232-1025-4AA6-9A24-A3FBD486DFD8 | ||
| 035 | _aSNK000008994 | ||
| 035 | _aurn:nbn:sk:snk-am005buz | ||
| 035 | _aurn:nbn:sk:snk-amkqrd | ||
| 039 | 9 |
_a202504141420 _bVLOAD _c202403151752 _dVLOAD _c202402261535 _dVLOAD _c201711291357 _dVLOAD |
|
| 040 |
_aSNK _bslo _cSNK _eAACR2 |
||
| 041 | 1 |
_aslo _hspa |
|
| 044 |
_axo _cSK |
||
| 080 |
_a860-3 _21981 |
||
| 100 | 1 |
_aMadrid, Juan _4aut |
|
| 245 | 1 | 0 |
_aZdanie neklame ; Pozornosť podniku _cJuan Madrid ; [zo španielskeho originálu preložilli Yvonna Vaňková, Eva Palkovičová] |
| 250 | _a1. vyd. | ||
| 260 |
_aBratislava _bSlovenský spisovateľ _c1991 _eTrnava _fPolygrafické závody |
||
| 300 |
_a319 s. _c20 cm |
||
| 490 | 1 | _aZelená knižnica | |
| 500 | _aDokument obsahuje 2 diela | ||
| 500 | _aIlustr. tit. list. | ||
| 700 | 1 |
_aPalkovičová, Eva, _d1958- _4trl |
|
| 700 | 1 |
_aVaňková, Yvonna _4trl |
|
| 700 | 1 | 2 |
_aMadrid, Juan _tLas apariencias no ergaňan _lSlovensky _4aut |
| 700 | 1 | 2 |
_aMadrid, Juan _tRegalo de la Casa _lSlovensky _4aut |
| 740 | 0 | 2 | _aPozornosť podniku |
| 830 | 0 | _aZelená knižnica | |
| 942 |
_2ddc _cKLDO _n0 |
||
| 949 |
_617A0123925 _9P60, <05>, [BOOK], {605} _asnkSC 80377 D1 _bsnkKSP 7382/1991 _s6100:20140925 |
||
| 949 |
_617A0946101 _asnkSC 80377 |
||
| 949 |
_6273K0241324 _asvkpoA 152493 _bsvkpo375760 _oPV 2093/91 |
||
| 999 |
_c20698 _d20698 |
||